An Object- Oriented Approach To Programming Logic and Design/ (Record no. 10822)
[ view plain ]
| 000 -LEADER | |
|---|---|
| fixed length control field | 01813cam a22003017a 4500 |
| 001 - CONTROL NUMBER | |
| control field | 15147118 |
| 005 - DATE AND TIME OF LATEST TRANSACTION | |
| control field | 20080318123541.0 |
| 008 - FIXED-LENGTH DATA ELEMENTS--GENERAL INFORMATION | |
| fixed length control field | 080118s2007 maua 001 0 eng d |
| 010 ## - LIBRARY OF CONGRESS CONTROL NUMBER | |
| LC control number | 2008270776 |
| 020 ## - INTERNATIONAL STANDARD BOOK NUMBER | |
| International Standard Book Number | 0619215631 |
| 035 ## - SYSTEM CONTROL NUMBER | |
| System control number | (OCoLC)ocm64667833 |
| 040 ## - CATALOGING SOURCE | |
| Original cataloging agency | CDF |
| Transcribing agency | CDF |
| Modifying agency | BAKER |
| -- | YDXCP |
| -- | BTCTA |
| -- | DLC |
| 042 ## - AUTHENTICATION CODE | |
| Authentication code | lccopycat |
| 050 00 - LIBRARY OF CONGRESS CALL NUMBER | |
| Classification number | QA76.63 |
| Item number | .F37 2007 |
| 082 00 - DEWEY DECIMAL CLASSIFICATION NUMBER | |
| Classification number | 005.115 |
| Edition number | 22 |
| Item number | FAR |
| 100 1# - MAIN ENTRY--PERSONAL NAME | |
| Personal name | Farrell, Joyce. |
| 245 10 - TITLE STATEMENT | |
| Title | An Object- Oriented Approach To Programming Logic and Design/ |
| Statement of responsibility, etc | Joyce Farrell. |
| 250 ## - EDITION STATEMENT | |
| Edition statement | 4th ed. |
| 260 ## - PUBLICATION, DISTRIBUTION, ETC. (IMPRINT) | |
| Place of publication, distribution, etc | Boston, Mass. : |
| Name of publisher, distributor, etc | Course Technology, |
| Date of publication, distribution, etc | c2006 |
| 300 ## - PHYSICAL DESCRIPTION | |
| Extent | 1 v. (various pagings) : |
| Other physical details | ill. ; |
| Dimensions | 24 cm. |
| 500 ## - GENERAL NOTE | |
| General note | Includes index. |
| 505 2# - FORMATTED CONTENTS NOTE | |
| Formatted contents note | 1. An overview of computers and logic -- 2. Understanding structure -- 3. Modules, hierarchy charts, and documentation -- 4. Desiging and writing a complete program -- 5. Making decisions -- 6. Looping -- 7. Control breaks -- 8. Arrays -- 9. Advanced array manipulation -- 10. Using menus and validating input -- 11. Sequential file merging, matching, and updating -- 12. Advanced modularization techniques -- 13. Object-oriented programming -- 14. Event-driven programming with graphical user interfaces -- 15. System modeling with UML -- 16. Using relational databases -- Appendix A. Solving difficult structuring problems -- Appendix B. Understanding numbering systems and computer codes -- Appendix C. Using a large decision table -- Glossary -- Index. |
| 650 #0 - SUBJECT ADDED ENTRY--TOPICAL TERM | |
| Topical term or geographic name as entry element | Logic programming. |
| 650 #0 - SUBJECT ADDED ENTRY--TOPICAL TERM | |
| Topical term or geographic name as entry element | Logic design. |
| 942 ## - ADDED ENTRY ELEMENTS (KOHA) | |
| Source of classification or shelving scheme | Dewey Decimal Classification |
| Item type | Book - Borrowing |
| Withdrawn status | Item status | Source of classification or shelving scheme | Damaged status | Not for loan | Vendor | Home library | Current library | Shelving location | Date acquired | Source of acquisition | Cost, normal purchase price | Serial Enumeration / chronology | Total Checkouts | Full call number | Barcode | Date last seen | Koha item type |
|---|---|---|---|---|---|---|---|---|---|---|---|---|---|---|---|---|---|
| Dewey Decimal Classification | Alahram | Central Library | Central Library | Lower Floor | 12/02/2009 | 346.40 | 6467 | 005.115 FAR | 000014796 | 15/07/2025 | Book - Borrowing |